LEADER 01231nam--2200397---450- 001 990001758610203316 005 20060413132005.0 035 $a000175861 035 $aUSA01000175861 035 $a(ALEPH)000175861USA01 035 $a000175861 100 $a20040615d1977----km-y0itay0103----ba 101 0 $aita 102 $aIT 105 $a||||||||001yy 200 1 $aDue saggi$fOreste Macrì 210 $aLecce$cMilella$d1977 215 $a186 p.$d25 cm. 225 2 $aQuaderni critici de L'albero$v1 300 $aContiene: L'angelo nero e il demonismo nella poesia montaliana ; Per una teoria dell'edizione critica (sul testo della Chanson de Roland di C. Segre) 410 0$12001$aQuaderni critici de L'albero$v1 454 1$12001 461 1$1001-------$12001 600 1 $aMontale,$bEugenio$xSatura$xSaggi 676 $a851.912 700 1$aMACRÌ,$bOreste$0386898 801 0$aIT$bsalbc$gISBD 912 $a990001758610203316 951 $aVI.3.B. 3146(V E coll. 91/1)$b87212 L.M.$cV E 951 $aPAP 248$bL.M.$cPAP 959 $aBK 969 $aUMA 979 $aSIAV8$b10$c20040615$lUSA01$h1652 979 $aCOPAT7$b90$c20060413$lUSA01$h1320 996 $aDue saggi$9142862 997 $aUNISA LEADER 02229nam 2200577 450 001 9910786638103321 005 20230120014624.0 010 $a1-4832-9750-0 035 $a(CKB)3710000000200088 035 $a(EBL)1877129 035 $a(SSID)ssj0001266802 035 $a(PQKBManifestationID)12572728 035 $a(PQKBTitleCode)TC0001266802 035 $a(PQKBWorkID)11253676 035 $a(PQKB)11368957 035 $a(MiAaPQ)EBC1877129 035 $a(EXLCZ)993710000000200088 100 $a20150106h19871987 uy 0 101 0 $aeng 135 $aur|n|---||||| 181 $ctxt 182 $cc 183 $acr 200 00$aFinance 205 $aFirst edition. 210 1$aOxford, England :$cPublished for the Royal Statistical Society and Economic and Social Research Council by Pergamon Press,$d1987. 210 4$d©1987 215 $a1 online resource (510 p.) 225 1 $aReviews of United Kingdom Statistical Sources ;$vVolume 21 300 $aDescription based upon print version of record. 311 $a1-322-47273-4 311 $a0-08-034780-0 320 $aIncludes bibliographical references and index. 327 $aFinancial data of banks and other institutions / by Kate Phylaktis -- Life assurance and pension funds / by Geraldine Kaye. 330 $aThis volume reviews the publicly available sources of statistical information on finance, covering the UK monetary sector, banks, finance houses, building societies and other financial institutions. It also deals with pensions, life insurance, government statistics and professional and trade associations. 410 0$aReviews of United Kingdom statistical sources ;$vVolume 21. 606 $aFinance$zGreat Britain$xStatistical services 615 0$aFinance$xStatistical services. 676 $a332.0941 676 $a332/.0941 701 0$aPhylaktis$b Kate$0592990 701 0$aKaye$b Geraldine$01555905 712 02$aRoyal Statistical Society (Great Britain) 712 02$aEconomic and Social Research Council (Great Britain) 801 0$bMiAaPQ 801 1$bMiAaPQ 801 2$bMiAaPQ 906 $aBOOK 912 $a9910786638103321 996 $aFinance$93818228 997 $aUNINA LEADER 03686nam 22007212 450 001 9910779479103321 005 20151005020622.0 010 $a1-139-88857-9 010 $a1-139-57943-6 010 $a1-139-57341-1 010 $a1-139-56905-8 010 $a1-139-05838-X 010 $a1-139-57261-X 010 $a1-139-57086-2 010 $a1-283-63862-2 010 $a1-139-56995-3 035 $a(CKB)2550000000707805 035 $a(EBL)1025034 035 $a(OCoLC)823241009 035 $a(SSID)ssj0000719935 035 $a(PQKBManifestationID)11448800 035 $a(PQKBTitleCode)TC0000719935 035 $a(PQKBWorkID)10660362 035 $a(PQKB)11055227 035 $a(UkCbUP)CR9781139058384 035 $a(MiAaPQ)EBC1025034 035 $a(Au-PeEL)EBL1025034 035 $a(CaPaEBR)ebr10608413 035 $a(CaONFJC)MIL395108 035 $a(EXLCZ)992550000000707805 100 $a20110316d2012|||| uy| 0 101 0 $aeng 135 $aur||||||||||| 181 $ctxt$2rdacontent 182 $cc$2rdamedia 183 $acr$2rdacarrier 200 14$aThe American national state and the early West /$fWilliam H. Bergmann$b[electronic resource] 210 1$aCambridge :$cCambridge University Press,$d2012. 215 $a1 online resource (x, 288 pages) $cdigital, PDF file(s) 300 $aTitle from publisher's bibliographic system (viewed on 05 Oct 2015). 311 $a1-107-44947-2 311 $a1-107-01528-6 320 $aIncludes bibliographical references and index. 327 $aProperty war -- Martial economies -- A bordered land -- Webs of commerce -- The national state in Indian country -- Bureaucratic expansionism. 330 $aThis book challenges the widely held myth that the American national state was weak in the early days of the republic. William H. Bergmann reveals how the federal government used its fiscal and military powers, as well as bureaucratic authority, to enhance land acquisitions, promote infrastructure development and facilitate commerce and communication in the early trans-Appalachian West. Energetic federal state-building efforts prior to 1815 grew from national state security interests as Native Americans and British imperial designs threatened to unravel the republic. White Westerners and Western state governments partnered with the federal government to encourage commercial growth and emigration, to transform the borderland into a bordered land. Taking a regional approach, this work synthesizes the literatures of social history, political science and economic history to provide a new narrative of American expansionism, one that takes into account the unique historical circumstances in the Ohio Valley and the southern Great Lakes. 517 3 $aThe American National State & the Early West 606 $aIndians of North America$zNorthwest, Old$xGovernment relations 606 $aIndians of North America$zOhio River Valley$xGovernment relations 607 $aUnited States$xTerritorial expansion$xHistory$y18th century 607 $aUnited States$xTerritorial expansion$xHistory$y19th century 607 $aUnited States$xTerritorial expansion$xGovernment policy 607 $aNorthwest, Old$xEconomic policy 607 $aOhio River Valley$xEconomic policy 615 0$aIndians of North America$xGovernment relations. 615 0$aIndians of North America$xGovernment relations. 676 $a970.01 700 $aBergmann$b William H.$f1975-$01512402 801 0$bUkCbUP 801 1$bUkCbUP 906 $aBOOK 912 $a9910779479103321 996 $aThe American national state and the early West$93746269 997 $aUNINA LEADER 02052nam0 2200433 i 450 001 VAN00114009 005 20240806100750.424 017 70$2N$a9788132224884 100 $a20180124d2015 |0itac50 ba 101 $aeng 102 $aIN 105 $a|||| ||||| 200 1 $aSemigroups, algebras and operator theory$eKochi, India, february 2014$fP. G. Romeo, John C. Meakin, A. R. Rajan editors 210 $aNew Delhi$cSpringer$d2015 215 $aXI, 218 p.$cill.$d24 cm 410 1$1001VAN00102574$12001 $aSpringer proceedings in mathematics & statistics$1210 $aBerlin [etc.]$cSpringer$d2012-$v142 500 1$3VAN00235241$aSemigroups, algebras and operator theory : Kochi, India, february 2014$91522897 606 $a00B25$xProceedings of conferences of miscellaneous specific interest [MSC 2020]$3VANC020732$2MF 606 $a20-XX$xGroup theory and generalizations [MSC 2020]$3VANC019715$2MF 606 $a20Mxx$xSemigroups [MSC 2020]$3VANC029222$2MF 606 $a47D03$xGroups and semigroups of linear operators [MSC 2020]$3VANC029390$2MF 610 $aKauffman monoids$9KW:K 610 $aLogic and languages$9KW:K 610 $aOperator theory$9KW:K 610 $aRegularization theory$9KW:K 610 $aSemigroups$9KW:K 620 $aIN$dNew Delhi$3VANL001098 702 1$aMeakin$bJohn C.$3VANV088094 702 1$aRajan$bArangath R.$3VANV088095 702 1$aRomeo$bParackal G.$3VANV088093 712 $aSpringer $3VANV108073$4650 801 $aIT$bSOL$c20241115$gRICA 856 4 $uhttp://dx.doi.org/10.1007/978-81-322-2488-4$zE-book ? Accesso al full-text attraverso riconoscimento IP di Ateneo, proxy e/o Shibboleth 899 $aBIBLIOTECA DEL DIPARTIMENTO DI MATEMATICA E FISICA$1IT-CE0120$2VAN08 912 $fN 912 $aVAN00114009 950 $aBIBLIOTECA DEL DIPARTIMENTO DI MATEMATICA E FISICA$d08DLOAD e-book 0423 $e08eMF423 20180124 996 $aSemigroups, algebras and operator theory$91522897 997 $aUNICAMPANIA